<?xml version="1.0" encoding="UTF-8"?>
<marc:record xmlns:marc="http://www.loc.gov/MARC21/slim">
   <marc:leader>00000nam a2200000 a 4500</marc:leader>
   <marc:datafield ind1="1" ind2=" " tag="100">
      <marc:subfield code="a">El-Bahay, Akram</marc:subfield>
      <marc:subfield code="4">aut</marc:subfield>
      <marc:subfield code="e">Verfasser/-in</marc:subfield>
   </marc:datafield>
   <marc:datafield ind1="0" ind2="0" tag="245">
      <marc:subfield code="a">Der Schatten der Nachtfee</marc:subfield>
   </marc:datafield>
   <marc:datafield ind1="0" ind2="0" tag="245">
      <marc:subfield code="c">Akram El-Bahay</marc:subfield>
   </marc:datafield>
   <marc:datafield ind1=" " ind2="1" tag="264">
      <marc:subfield code="a">Köln</marc:subfield>
      <marc:subfield code="b">Baumhaus</marc:subfield>
      <marc:subfield code="c">2023</marc:subfield>
   </marc:datafield>
   <marc:datafield ind1="1" ind2=" " tag="490">
      <marc:subfield code="a">Fabula</marc:subfield>
      <marc:subfield code="v">2</marc:subfield>
   </marc:datafield>
   <marc:datafield ind1=" " ind2=" " tag="250">
      <marc:subfield code="a">1. Auflage 2023</marc:subfield>
   </marc:datafield>
   <marc:datafield ind1="1" ind2=" " tag="520">
      <marc:subfield code="a">Seit die Zwillinge Will und Charlotte es geschafft haben, New York von der Nachtfee zu befreien, ist das Portal in die märchenhafte Welt von Fabula verschlossen. Doch in einer tiefen Winternacht erwacht der alte Weltenbaum im Central Park erneut zum Leben. Ein Schattenwesen tritt aus dem Portal hervor und raubt Wills kostbares Notizbuch. Die Verfolgungsjagd führt die Zwillinge durch die Pforte, und was sie dort entdecken, lässt sie zutiefst erschrecken: Schwarze Dornenranken wuchern in Fabula - die Nachtfee ist zurück. Während Charlotte sich sofort auf die Suche nach den letzten Drachen begibt, den einzigen Kreaturen, die der Fee Einhalt gebieten können, versucht Will in seiner Rolle als Erzähler den Kampf gegen den Schatten aufzunehmen. Längst geht es nicht mehr nur um sein Notizbuch, sondern um die Zukunft von ganz Fabula ...</marc:subfield>
   </marc:datafield>
   <marc:datafield ind1=" " ind2=" " tag="020">
      <marc:subfield code="a">9783833907692</marc:subfield>
      <marc:subfield code="9">9783833907692</marc:subfield>
   </marc:datafield>
   <marc:datafield ind1=" " ind2=" " tag="020">
      <marc:subfield code="a">383390769X</marc:subfield>
      <marc:subfield code="9">383390769X</marc:subfield>
   </marc:datafield>
   <marc:datafield ind1=" " ind2=" " tag="300">
      <marc:subfield code="a">288 Seiten</marc:subfield>
   </marc:datafield>
</marc:record>
